00427 2200169 4500001002100000005001500021008004100036035001900077041000700096082001000103090001600113100002500129245003300154260002700187300001800214650002500232INLIS00000000001355120241224114558241224||||||||| | ||| |||| || |  0010-1224013551 aid0 a372.4 a372.4 TAR t0 aHenry Guntur Tarigan00aTERAMPIL BERBAHASA INDONESIA aBandungbAngkasac1984 a63hlm;14x20cm 0aPendidikan Indonesia